000 00367nam a22001577a 4500
003 CEME
005 20210628203326.0
008 210304b xxu||||| |||| 00| 0 eng d
040 _c.
082 _a0333 WAS
100 _aMuhammad Haneef
_964732
245 _aTufa dolah
260 _aKARACHI
_bZAM ZAM PUBLISHERS
_c2000
650 _aURDU
_923354
942 _cBK
_2ddc
999 _c573140
_d573140